Cell biology: Structure biochemistry and function (Record no. 38211)

MARC details
000 -LEADER
fixed length control field 00650nam a2200253Ia 4500
082 ## - DEWEY DECIMAL CLASSIFICATION NUMBER
Classification number 576.3
Item number SHE
100 ## - MAIN ENTRY--AUTHOR NAME
Personal name BIANCHI, Donald E
245 #0 - TITLE STATEMENT
Title Cell biology: Structure biochemistry and function
250 ## - EDITION STATEMENT
Edition statement Ed.2
260 ## - PUBLICATION, DISTRIBUTION, ETC. (IMPRINT)
Place of publication New York
Name of publisher John Wiley
Year of publication 1983
650 ## - SUBJECT ADDED ENTRY--TOPICAL TERM
Topical Term Bioenergetics
650 ## - SUBJECT ADDED ENTRY--TOPICAL TERM
Topical Term Cell metabolism
650 ## - SUBJECT ADDED ENTRY--TOPICAL TERM
Topical Term Chloroplast
650 ## - SUBJECT ADDED ENTRY--TOPICAL TERM
Topical Term Cytology
650 ## - SUBJECT ADDED ENTRY--TOPICAL TERM
Topical Term Golgi apparatus
650 ## - SUBJECT ADDED ENTRY--TOPICAL TERM
Topical Term Lysosome
650 ## - SUBJECT ADDED ENTRY--TOPICAL TERM
Topical Term Microbodies
650 ## - SUBJECT ADDED ENTRY--TOPICAL TERM
Topical Term Nucleic acid
650 ## - SUBJECT ADDED ENTRY--TOPICAL TERM
Topical Term Protein synthesis
650 ## - SUBJECT ADDED ENTRY--TOPICAL TERM
Topical Term Radioactive isotope
700 ## - ADDED ENTRY--PERSONAL NAME
Personal name SHEELER, Philip
942 ## - ADDED ENTRY ELEMENTS (KOHA)
Koha item type Books
Holdings
Withdrawn status Lost status Damaged status Not for loan Home library Current library Date acquired Full call number Accession Number Koha item type
        RRII Library RRII Library 16/12/2021 576.3 SHE 18572 Books